000 03616cam a22012374i 4500
003 PE-LiUPU
005 20250813185410.0
008 171206s2012 sp a rb 000 0 spa d
020 _a842901702X
020 _a9788429017021
035 _a(Sirsi) a240327
040 _aPE-LiUPU
_bspa
_cPE-LiUPU
_erda
049 _aPRUA
082 0 4 _a344.04
_bN86
_220
100 1 _aNovel Martí, Gloria,
_eautor.
245 1 0 _aMediación en salud :
_bun nuevo paradigma cultural en organizaciones que cuidan /
_cGloria Novel Martí.
250 _a1era edición.
264 1 _aMadrid :
_bEditorial Reus,
_c2012.
300 _a254 páginas ;
_c24 centímetros.
336 _atext
_2rdacontent
337 _aunmediated
_2rdamedia
338 _avolume
_2rdacarrier
490 0 _aColección de Mediación y Resolución de Conflictos
504 _aBibliografía : páginas 243-246.
505 0 _aLas organizaciones complejas -- Cortes del conflicto -- La mediación: un nuevo paradigma cultural -- Experiencias relevantes en mediación sanitaria -- Sistema de mediación en organizaciones de salud: una experiencia de innovación -- La magia del sueño desde un enfoque consultor: "la idea" -- La clave del éxito: planificación estratégica -- El principio de realidad: desarrollo del proyecto -- El seguimiento y la evaluación como feedback necesario: resultados obtenidos -- Construyendo conocimiento a través de la práctica de la mediación -- Acerca d los conflictos en las organizaciones de salud -- Perfil de los usuarios del servicio de mediación -- Características de las intervenciones realizadas -- Del presente al futuro: ¿qué emos aprendido?.
526 _aP202
526 _aP201
526 _aP163
526 _aP162
526 _aP161
526 _aP160
526 _aP148
526 _aP147
526 _aP146
526 _aP145
526 _aP144
526 _aP143
526 _aP142
526 _aP141
526 _aP140
526 _aP139
526 _aP138
526 _aP137
526 _aP136
526 _aP135
526 _aP134
526 _aP133
526 _aP129
526 _aP128
526 _aP127
526 _aP120
526 _aP119
526 _aP118
526 _aP116
526 _aP115
526 _aP114
526 _aP110
526 _aP109
526 _aP108
526 _aP104
526 _aP103
526 _aP102
526 _aP99
526 _aP98
526 _aP97
526 _aP96
526 _aP95
526 _aP93
526 _aP90
526 _aP89
526 _aP88
526 _aP83
526 _aP82
526 _aP62
526 _aP59
526 _aP58
526 _aP57
526 _aP51
526 _aP49
526 _aP48
526 _aP47
526 _aP29
526 _aP24
526 _aP20
526 _aP19
526 _aP17
526 _aP15
526 _aP14
526 _aP12
526 _aP10
526 _aP09
526 _aP08
526 _aP07
526 _aP06
526 _aP05
526 _aP04
526 _aP01
541 _g12-002-059500;
650 0 4 _aSeguridad social
650 0 4 _aSocial Security
700 1 _aLoberg, Kristin,
_eautor.
910 _adbm
_bksl
_cksl
_d20171206
596 _a1
942 _2ddc
_cBOOK
999 _a344.04 N86
_wLC
_c25991
_i77402
_f2021-11-3
_g4
_lCCODEBUL1
_mBUL
_p33.05
_r0
_sY
_tBOOK
_u2017-12-6
_xSALUD
_zP79
_0COMPRA
_o.STAFF. Colección Ciencias de la Salud
_d25991
980 _81
_gALBERTO SANCHEZ Responsable de Automatización